| 000 | 00000nam 2200000za 4500 |
| 001 | 9.809879 |
| 003 | CaOODSP |
| 005 | 20221107140730 |
| 007 | cr ||||||||||| |
| 008 | 160411s2016 quco #o f000 0 eng d |
| 020 | |a978-0-660-04373-9|z978-0-660-04372-2 |
| 040 | |aCaOODSP|beng |
| 043 | |an-cn--- |
| 086 | 1 |aCW66-238/7-2016E-PDF|zCW66-238/7-2016E |
| 245 | 04|aThe Ecological Gifts Program |h[electronic resource] : |ba legacy for tomorrow… a tax break today. |
| 260 | |a[Gatineau, Quebec] : |bEnvironment and Climate Change Canada, |cc2016. |
| 300 | |a1 p. : |bphotographs |
| 500 | |aTitle from cover. |
| 500 | |aIssued also in French under title: Le Programme des dons écologiques : un don pour l’avenir, des avantages fiscaux aujourd’hui. |
| 520 | |aCanada’s Ecological Gifts Program provides a way for Canadians with ecologically sensitive land to protect nature and leave a legacy for future generations. It offers significant tax benefits to landowners who donate land or a partial interest in land to a qualified recipient. Recipient organizations become responsible for the conservation of the donated land’s biodiversity and environmental heritage. This responsibility lasts forever. |
| 530 | |aIssued also in printed form. |
| 692 | 07|2gccst|aNature conservation |
| 692 | 07|2gccst|aDonations |
| 692 | 07|2gccst|aTax benefits |
| 710 | 1 |aCanada. |bEnvironment and Climate Change Canada. |
| 775 | 08|tLe Programme des dons écologiques |w(CaOODSP)9.809880 |
| 776 | 0#|tThe Ecological Gifts Program : |w(CaOODSP)9.809876 |
| 776 | 0#|tLe Programme des dons écologiques : |w(CaOODSP)9.809877 |
| 856 | 40|qPDF|s3.24 MB|uhttps://publications.gc.ca/collections/collection_2016/eccc/CW66-238-7-2016-eng.pdf |